| 000 | 00404nam a2200169Ia 4500 | ||
|---|---|---|---|
| 008 | 230524s9999 xx 000 0 und d | ||
| 020 | _a9788184951332 | ||
| 082 | _bPIL | ||
| 100 |
_aRadhakrishnan Pillai _941738 |
||
| 245 | 0 | _aCorporate Chanakya | |
| 250 | _a1 | ||
| 260 |
_a Mumbai _bJaico _c2015 |
||
| 300 | _a316p; | ||
| 500 | _aQuantity Number: 1 | ||
| 650 |
_aMisalliance _941739 |
||
| 942 | _cBK | ||
| 999 |
_c56192 _d56192 |
||